000 00296nam a2200121Ia 4500
008 191201s2012 xx 000 0 und d
100 _aRAJARAMAN, V
245 0 _aIntroduction to digital computer design
250 _a5th
260 _c2012
_bPHI
_aNEW DELHI
300 _a512
942 _2ddc
_cBK
_038
999 _c7864
_d7864